000 00615nam a22001697a 4500
005 20251108164314.0
008 250721s1990 xx 000 0 ara d
082 1 4 _a355.3432/كوب
100 1 _aكوبلاند، مايلز
245 1 0 _aاللاعب و اللعبة :
_bعالم الإستخبارات الأميركية في إعترافات أحد رجالاته /
264 1 _aبيروت :
_bدار الحمراء للطباعة والنشر،
_c1990.
300 _a192ص
650 1 7 _aوكالة الإستخبارات المركزية
650 1 7 _aالجواسيس
942 _2ddc
_cBK
999 _c8879
_d8879